Deliberative democracy, public policy, and local government / Joanna Podgorska-Rykala. (Record no. 22402)

000 -LEADER
fixed length control field 02226nam a22001937a 4500
020 ## - INTERNATIONAL STANDARD BOOK NUMBER
ISBN 9781032670768
082 ## - DEWEY DECIMAL CLASSIFICATION NUMBER
Classification number 320.8
Item number P742 2024
100 ## - MAIN ENTRY--AUTHOR NAME
Personal name Podgórska-Rykala, Joanna, author.
245 ## - TITLE STATEMENT
Title Deliberative democracy, public policy, and local government / Joanna Podgorska-Rykala.
260 ## - PUBLICATION, DISTRIBUTION, ETC. (IMPRINT)
Place of publication New York, NY :
Name of publisher Routledge, Taylor & Francis Group,
Year of publication c2024.
300 ## - PHYSICAL DESCRIPTION
Number of Pages 1 online resource, xvii, 206 pages :
Other physical details illustrations.
490 ## - SERIES STATEMENT
Series statement Public administration and public policy.
500 ## - GENERAL NOTE
General note Includes bibliographical references and index.
520 ## - SUMMARY, ETC.
Summary, etc "This book examines deliberative democracy and its practical forms and applications in local government public policy. Author Joanna Podgórska-Rykala explores the topic of democracy, leaning in particular on the origins of its representative variant. Analyzing the elite democracy of the concept of representation, she considers what historical and political events have influenced the contemporary shape of democracy and its understanding. How were democratic ideals shapes, and why are we currently experiencing a democratic recession? Why the debate that should should be integral to the functioning of collegiate bodies disappearing? Why aren't decisions based on evidence, and why don't decision-makers take into account expert opinions and stakeholder positions? Drawing on empirical research - interviews with city-level decision-makers - the author considers whether and how deliberative innovation can support the renewal of decision-making in representative institutions. Deliberative Democracy, Public Policy, and Local Government will be enormous interest to doctoral students and researchers as well as to practitioners of local government administration, civic leaders, representative of non-governmental organizations, and people interested in public affairs. It can be also used as an important supplement in courses on public administration, political science, international relations, law, economics, and related studies at both the undergraduate and graduate levels"-- Provided by publisher.
650 ## - SUBJECT ADDED ENTRY--TOPICAL TERM
Topical Term Deliberative democracy.
650 ## - SUBJECT ADDED ENTRY--TOPICAL TERM
Topical Term Representative government and representation.
650 ## - SUBJECT ADDED ENTRY--TOPICAL TERM
Topical Term Local government.
942 ## - ADDED ENTRY ELEMENTS (KOHA)
Koha item type Electronic Books
Holdings
Source of acquisition Permanent Location Date acquired Collection code Koha item type Lost status Shelving location Withdrawn status Current Location Full call number
DonationCagayan State University - Carig Library2026-04-14E-BooksElectronic Books E-Resource Section Cagayan State University - Carig Library320.8 P742 2024

Cagayan State University University Library, Carig Campus
Tuguegarao City, Cagayan 3500 | www.csucarig.edu.ph

Powered by Koha